Rol de la familia en el desarrollo de la competencia lectora de los estudiantes del segundo ciclo del centro educativo Arzobispo Valera, distrito 18-01 de Neyba, año lectivo 2025 / (Record no. 10246)

MARC details
000 -LEADER
campo de control de longitud fija 01239nam a22002777a 4500
001 - NÚMERO DE CONTROL
campo de control 10246
003 - IDENTIFICADOR DE NÚMERO DE CONTROL
campo de control UCATEBA
005 - FECHA Y HORA DE LA ÚLTIMA TRANSACCIÓN
campo de control 20260130121249.0
006 - CÓDIGOS DE INFORMACIÓN DE LONGITUD FIJA--CARACTERÍSTICAS DEL MATERIAL ADICIONAL
campo de control de longitud fija a
007 - CAMPO FIJO DE DESCRIPCIÓN FÍSICA--INFORMACIÓN GENERAL
campo de control de longitud fija a
008 - DATOS DE LONGITUD FIJA--INFORMACIÓN GENERAL
campo de control de longitud fija 260130b |||||||| |||| 00| 0 eng d
040 ## - FUENTE DE CATALOGACIÓN
Centro catalogador/agencia de origen DO-BaUCT
Lengua de catalogación spa
Centro/agencia transcriptor DO-BaUCT
Normas de descripción rda
041 0# - CÓDIGO DE IDIOMA
Código de lengua del texto/banda sonora o título independiente spa
Código de lengua original spa
090 ## - LOCALMENTE ASIGNADO TIPO-LC NÚMERO DE CLASIFICACIÓN (OCLC); NÚMERO DE CLASIFICACIÓN LOCAL (RLIN)
Número de clasificación (OCLC) (R) ; Numero de clasificación, CALL (RLIN) (NR) EDU 2025-004
100 1# - ENTRADA PRINCIPAL--NOMBRE DE PERSONA
Nombre de persona Pérez, Anyer
Término indicativo de función/relación autor
245 10 - MENCIÓN DEL TÍTULO
Título Rol de la familia en el desarrollo de la competencia lectora de los estudiantes del segundo ciclo del centro educativo Arzobispo Valera, distrito 18-01 de Neyba, año lectivo 2025 /
Mención de responsabilidad, etc. Anyer Pérez ; asesor: Juana Estebania Suero Cuevas
260 ## - PUBLICACIÓN, DISTRIBUCIÓN, ETC.
Lugar de publicación, distribución, etc. Barahona, Republica Dominicana :
Nombre del editor, distribuidor, etc. Universidad Catolica Tecnologica de Barahona (UCATEBA) ,
Fecha de publicación, distribución, etc. 2025
300 ## - DESCRIPCIÓN FÍSICA
Extensión vii, 122,[47] hojas ;
Dimensiones 28cm
336 ## - TIPO DE CONTENIDO
Fuente rdacontent
Término de tipo de contenido texto
Código de tipo de contenido txt
337 ## - TIPO DE MEDIO
Fuente rdamedia
Nombre/término del tipo de medio sin mediación
Código del tipo de medio n
338 ## - TIPO DE SOPORTE
Fuente rdacarrier
Nombre/término del tipo de soporte volumen
Código del tipo de soporte nc
502 ## - NOTA DE TESIS
Nota de tesis Tesis de grado (Licenciatura en Educación Básica Segundo Ciclo, Consentración Lengua Española y Ciencias Sociales) --UCATEBA-- Escuela de Educación, año 2025
650 #4 - PUNTO DE ACCESO ADICIONAL DE MATERIA--TÉRMINO DE MATERIA
Fuente del encabezamiento o término Armarc
Término de materia o nombre geográfico como elemento de entrada Desarrollo de la Competencia Lectora
700 1# - ENTRADA AGREGADA--NOMBRE PERSONAL
Nombre de persona Suero Cuevas, Juana Estebania
Término indicativo de función/relación asesor
942 ## - ELEMENTOS DE ENTRADA SECUNDARIOS (KOHA)
Fuente de la clasificación o esquema de estantería Clasificación Decimal Dewey
Tipo de ítem Koha Tesis
Parte de clasificación EDU 2025-004
Prefijo de la signatura EDU
Sufijo de signatura topográfica 2025-004
Suprimir en OPAC No
Holdings
Estatus retirado Estado de pérdida Fuente de la clasificación o esquema de estantería Estado de daño No para préstamo Colección Biblioteca de origen Biblioteca actual Fecha de adquisición Fuente de adquisición Total de préstamos Signatura topográfica completa Código de barras Visto por última vez Fecha del último préstamo Copia número Precio de reemplazo Tipo de ítem Koha
    Clasificación Decimal Dewey     Acervo general de Libros Biblioteca Central Mons. Favio M. Rivas S. Biblioteca Central Mons. Favio M. Rivas S. 30/01/2026 UCATEBA 1 EDU 2025-004 000000013599 13/03/2026 04/03/2026 1 30/01/2026 Tesis